书目信息 |
| 题名: |
化工厂的简单和稳健化设计
|
|
| 作者: | 柯仑 著 ;刘辉 , 阎建民 , 杨茹 译 | |
| 分册: | ||
| 出版信息: | 北京 化学工业出版社 2009 |
|
| 页数: | 339页 | |
| 开本: | 24cm | |
| 丛书名: | ||
| 单 册: | ||
| 中图分类: | TQ08 | |
| 科图分类: | ||
| 主题词: | 化工厂--设计 , 化工厂 | |
| 电子资源: | ||
| ISBN: | 978-7-122-04501-0 | |
| 000 | 01323nam0 2200289 45 | |
| 005 | 20100303145512.85 | |
| 010 | @a978-7-122-04501-0@dCNY68.00 | |
| 100 | @a20100121d2009 ekmy0chiy0120 ea | |
| 101 | 1 | @achi@cdut |
| 102 | @aCN@b110000 | |
| 105 | @aa z 000yy | |
| 106 | @ar | |
| 200 | 1 | @a化工厂的简单和稳健化设计@AHua Gong Chang De Jian Dan He Wen Jian Hua She Ji@dDesign of simple and robust process plants@f(荷)J.L.A.柯仑(J.L.A.Koolen)著@F( He )J.L.A. Ke Lun (J.L.A.Koolen) Zhu@g刘辉,阎建民,杨茹译@zeng |
| 210 | @a北京@c化学工业出版社@d2009 | |
| 215 | @a339页@c图@d24cm | |
| 305 | @a本书中文简体字版由Wiley-VCH Verlag GmbH & Co.KGaA. 授权化学工业出版社独家出版发行。 | |
| 330 | @a本书讲述了如何使化工厂达到安全可靠、环保节能、自动操作、经济运行的优化设计方法;给出了大量示例,展示了设计简单、稳健化工厂的途径。具体包括:过程综合与设计优化、过程简化和强化、基于可靠性的过程设计、操作和控制自动化、操作优化,以及化工厂有效设计和持续改进的方法等。 | |
| 510 | 1 | @aDesign of simple and robust process plants@zeng |
| 606 | 0 | @a化工厂@x设计 |
| 606 | 0 | @a化工厂 |
| 690 | @aTQ08@v4 | |
| 701 | 1 | @a柯仑@AKe Lun@g(Koolen, J.L.A.)@4著 |
| 702 | 0 | @a刘辉@ALiu Hui@4译 |
| 702 | 0 | @a阎建民@AYan Jian Min@4译 |
| 702 | 0 | @a杨茹@AYang Ru@4译 |
| 801 | 0 | @aCN@bTANGWEI@c20100303 |
| 905 | @b0585357-61@dTQ08@e182@f5 | |
| 化工厂的简单和稳健化设计=Design of simple and robust process plants/(荷)J.L.A.柯仑(J.L.A.Koolen)著/刘辉,阎建民,杨茹译.-北京:化学工业出版社,2009 |
| 339页:图;24cm |
| ISBN 978-7-122-04501-0:CNY68.00 |
| 本书讲述了如何使化工厂达到安全可靠、环保节能、自动操作、经济运行的优化设计方法;给出了大量示例,展示了设计简单、稳健化工厂的途径。具体包括:过程综合与设计优化、过程简化和强化、基于可靠性的过程设计、操作和控制自动化、操作优化,以及化工厂有效设计和持续改进的方法等。 |
| ● |
| 相关链接 |
|
|
|
|
正题名:化工厂的简单和稳健化设计
索取号:TQ08/182
 
预约/预借
| 序号 | 登录号 | 条形码 | 馆藏地/架位号 | 状态 | 备注 |
| 1 | 0585357 | 205853575 | 第二样本阅览室/ [索取号:TQ08/182] | 在馆 | |
| 2 | 0585358 | 205853584 | 化学系资料室/ [索取号:TQ08/182] | 在馆 | |
| 3 | 0585359 | 205853593 | 第三借阅区/ [索取号:TQ08/182] | 在馆 | |
| 4 | 0585360 | 205853600 | 第三借阅区/ [索取号:TQ08/182] | 在馆 | |
| 5 | 0585361 | 205853619 | 第三借阅区/ [索取号:TQ08/182] | 在馆 |